000 01036nam a2200253Ia 4500
003 OSt
005 20220923211625.0
006 a|||||r|||| 00| 0
007 ta
008 220922b |||||||| |||| 00| 0 san d
024 _a17,219
037 _cTextual
040 _aARTS
_cARTS
_bsan
041 _2san
_asan
082 _aQ25:22, 15L6
100 _aयादव, देवनन्दन प्रसाद; शर्मा, पुष्पेन्द्र कुमार
_9161057
245 0 _aदेवी पुराणम्
246 _aDevī purāṇam
260 _aदिल्ली
_b श्री लाल बहादुुरशास्त्री केन्द्रीय संस्कृत विद्यापीठ
_c1976
300 _a544पृ.
_ccm.
650 _aधर्म
942 _hQ25:22, 15L6
_cTEXL
_2CC
999 _c301602
_d301602